Clic Les garnisons des unités et régiments français - Statistiques

Statistiques générales
  • Ce quiz a été pris 54 fois
  • Le résultat moyen est 31 sur 96
Statistiques - réponses
Hint Réponse % Correct
17e régiment du génie parachutiste & 9e régiment de soutien aéromobile Montauban
73%
Brigade de sapeurs-pompiers de Paris & 44e régiment d'infanterie & 8e bataillon de chasseurs à pied - Groupement de recrutement et de sélection Île-de-France et Outre-mer Paris
73%
3e régiment de parachutistes d'infanterie de marine Carcassonne
68%
27e bataillon de chasseurs alpins Annecy
64%
126e régiment d'infanterie Brive-la-Gaillarde
64%
2e régiment étranger de parachutistes Calvi
64%
152e régiment d'infanterie Colmar
64%
Détachement de Légion étrangère de Mayotte Dzaoudzi
64%
92e régiment d'infanterie & 13e base de soutien du matériel - implantation principale Clermont-Ferrand
59%
2e régiment de hussards & 28e groupe géographique Haguenau
59%
1er régiment de parachutistes d'infanterie de marine Bayonne
55%
35e régiment d'infanterie Belfort
55%
Régiment d'infanterie de marine du Pacifique - Nouvelle-Calédonie Nouméa
55%
7e bataillon de chasseurs alpins & 93e régiment d'artillerie de montagne Varces
55%
16e bataillon de chasseurs à pied Bitche
50%
1er régiment de tirailleurs Epinal
50%
1er régiment d'infanterie Sarrebourg
50%
3e régiment de hussards Metz
45%
Régiment de marche du Tchad Meyenheim
45%
501e régiment de chars de combat & 8e régiment du matériel Mourmelon-le-Grand
45%
Régiment d'infanterie-chars de marine Poitiers
45%
Bataillon de quartier général du corps de réaction rapide européen Strasbourg
45%
14e régiment d'infanterie et de soutien logistique parachutiste Toulouse
45%
1er régiment de spahis Valence
45%
1er régiment de chasseurs d'Afrique & 3e régiment d'artillerie de marine Canjuers
41%
8e régiment de parachutistes d'infanterie de marine Castres
41%
9e régiment d'infanterie de marine Cayenne
41%
21e régiment d'infanterie de marine Fréjus
41%
2e régiment d'infanterie de marine Le Mans
41%
Bataillon de commandement et de soutien de la brigade franco-allemande Müllheim
41%
1er régiment de chasseurs parachutistes Pamiers
41%
5e régiment d'hélicoptères de combat Pau
41%
1er régiment de hussards parachutistes & 35e régiment d'artillerie parachutiste Tarbes
41%
3e régiment d'infanterie de marine Vannes
41%
1er régiment étranger Aubagne
36%
13e bataillon de chasseurs alpins Barbie
36%
5e régiment interarmes d'outre-mer Djibouti
36%
2e régiment de dragons Fontevraud-l'Abbaye
36%
13e régiment de dragons parachutistes Martignas-sur-Jalle
36%
13e régiment du génie Valdahon
36%
61e régiment d'artillerie Chaumont
32%
3e régiment d'hélicoptères de combat Etain
32%
4e régiment de chasseurs Gap
32%
54e régiment d'artillerie Hyères
32%
5e régiment de dragons Mailly le Camp
32%
12e régiment de cuirassiers Olivet
32%
1er régiment d'hélicoptères de combat Phalsbourg
32%
11e régiment d'artillerie de marine Saint-Aubin-du-Cormier
32%
94e régiment d'infanterie Sissonne
32%
1er régiment de chasseurs Thierville-sur-Meuse
32%
6e régiment du génie Angers
27%
7e régiment d'infanterie de marine - Groupement de recrutement et de sélection Sud-Ouest Bordeaux
27%
25e régiment du génie de l'air Istres
27%
7e régiment du matériel & 99e régiment d'infanterie - Groupement de recrutement et de sélection Sud-Est Lyon
27%
44e régiment de transmissions Mutzig
27%
132e régiment d’infanterie cynotechnique & 40e régiment d'artillerie Suippes
27%
24e régiment d'infanterie Versailles
27%
48e régiment de transmissions Agen
23%
Unité d'instruction et d'intervention de la sécurité civile 7 Brignoles
23%
1er régiment du train parachutiste Cugnaux
23%
28e régiment de transmissions Issoire
23%
3e régiment du matériel Muret
23%
4e régiment du matériel - implantation principale & 2e régiment étranger d'infanterie Nîmes
23%
54e régiment de transmissions Oberhoffen-sur-Moder
23%
2e régiment de parachutistes d'infanterie de marine Saint-Pierre
23%
41e régiment d'hélicoptères des forces spéciales Uzein
23%
511e régiment du train Auxonne
18%
515e régiment du train Brie
18%
3e régiment étranger d'infanterie Kourou
18%
13e demi-brigade de la Légion étrangère La Cavalerie
18%
1er régiment étranger de cavalerie Marseille
18%
12e base de soutien du matériel - implantation principale Neuvy-Pailloux
18%
785e compagnie de guerre électronique & 41e régiment d’infanterie - Groupement de recrutement et de sélection Nord-Ouest Saint-Jacques-de-la-Lande
18%
519e régiment du train Toulon
18%
8e régiment d’artillerie - Groupement de recrutement et de sélection Nord-Est Vandœuvre-lès-Nancy
18%
5e régiment de cuirassiers Abou Dabi
14%
19e régiment du génie & 6e régiment du matériel (partiel) Besançon
14%
17e groupe d'artillerie Biscarosse
14%
2e régiment du matériel Bruz
14%
4e régiment étranger Castelnaudary
14%
31e régiment du génie Castelsarrasin
14%
3e régiment du génie Charleville-Mézières
14%
Unité d'instruction et d'intervention de la sécurité civile 5 Corte
14%
41e régiment de transmissions Douai
14%
1er régiment étranger de génie Laudun l’Ardoise
14%
6e bataillon d'infanterie de marine Libreville
14%
2e régiment étranger de génie Saint-Christol d’Albion
14%
68e régiment d'artillerie d'Afrique & Régiment médical Béligneux
9%
1er régiment d'artillerie Bourogne
9%
516e régiment du train Ecrouves
9%
53e régiment de transmissions Lunéville
9%
121e régiment du train Montlhéry
9%
Unité d'instruction et d'intervention de la Sécurité Civile 1 Nogent-le-Rotrou
9%
14e base de soutien du matériel - implantation principale Nouâtre
9%
40e régiment de transmissions Thionville
9%
503e régiment du train Saint-Gilles
5%
Aucun quiz correspondant
Distribution des résultats
% des personnes avec chaque résultat
Percentile par nombre de réponses
Votre historique - résultats
Vous n’avez pas pris ce quiz